000 00546nam a2200205Ia 4500
003 0100
008 130227s9999 xx 000 0 und d
040 _cARRUPELIB
050 _aBJ1012.J295 2002
100 _aJacobs, Jonathan
245 _aDimensions of moral theory
245 _ban introduction to metaethics and moral psychology
260 _aOxford
260 _bBlackwell
260 _C2002
300 _axii
300 _b 175p. 23cm.
650 _bMan (Christian theology)- History of doctrines- Early church
942 _2lcc
_03
999 _c5674
_d5674